00576nam a2200205Ia 4500003000400000005001700004008004100021020003400062040000800096082001300104100001900117245009800136250001100234260003000245300001600275650001200291650002100303650002500324650002100349IIN20231223104611.0231217s9999 xx 000 0 und d cRs. 735.00a978-81-312-6243-6 aIIN a611bSIN1 aSingh, Vishram1 aGeneral Anatomybwith Systemic, Anatomy Radiological, Anatomy Medical GeneticscVishram Singh a3rd ed bElsevieraNew Delhic2020 axvi, 248 p. aAnatomy aSystemic Anatomy aRadiological Anatomy aMedical Genetics